000 00482nam a2200181Ia 4500
001 9300
005 20260306161708.0
008 260306t1999||||xx |||||||||||||| ||spa||
041 _aESP
082 _a378.1
_bA78
100 _aAsamblea Nacional de Rectores
_eAUT
245 0 _aHacia la modernización y acreditación integral de las universidades peruanas
260 _c1999
300 _a259 páginas :
_c29 cm.
650 _aGEN
654 _aCED
942 _cLIB
_dJUS
_fJUS
_2ddc
_n
999 _c9300
_d9300